Don Carlos d'Aragon, Prince de Viane (Record no. 48575)

MARC details
000 -LEADER
campo de control de longitud fija 00898nam a22002175i 4500
001 - NÚMERO DE CONTROL
campo de control 48575
003 - IDENTIFICADOR DE NÚMERO DE CONTROL
campo de control ES-MaACL
005 - FECHA Y HORA DE LA ÚLTIMA TRANSACCIÓN
campo de control 20230906161757.0
007 - CAMPO FIJO DE DESCRIPCIÓN FÍSICA--INFORMACIÓN GENERAL
campo de control de longitud fija t|
008 - DATOS DE LONGITUD FIJA--INFORMACIÓN GENERAL
campo de control de longitud fija 950726s1889 fr ||||1| fre d
040 ## - FUENTE DE CATALOGACIÓN
Centro catalogador/agencia de origen CAM
Lengua de catalogación spa
Centro/agencia transcriptor CAM
100 1# - ENTRADA PRINCIPAL--NOMBRE DE PERSONA
Nombre de persona Desdevises du Dezert, Georges.
9 (RLIN) 43868
245 10 - MENCIÓN DEL TÍTULO
Título Don Carlos d'Aragon, Prince de Viane
Resto del título : étude sur l'Espagne du Nord au XVe siècle /
Mención de responsabilidad, etc. par G. Desdevises du Dezert.
260 ## - PUBLICACIÓN, DISTRIBUCIÓN, ETC.
Lugar de publicación, distribución, etc. Paris :
Nombre del editor, distribuidor, etc. Armand Colin et Cie,
Fecha de publicación, distribución, etc. 1889 (
Lugar de fabricación/manufactura Coulommiers :
Fabricante P. Brodard et Gallois)
300 ## - DESCRIPCIÓN FÍSICA
Extensión XVI, 455 p. ;
Dimensiones 22 cm.
530 ## - NOTA DISPONIBLE DE FORMULARIO FÍSICO ADICIONAL
Nota de formato físico adicional disponible Disponible en formato digital.
600 14 - PUNTO DE ACCESO ADICIONAL DE MATERIA--NOMBRE DE PERSONA
Nombre de persona Evreux y Trastámara, Carlos d'
Títulos y otros términos asociados al nombre Príncipe de Viana (
Fechas asociadas al nombre 1421-1461)
9 (RLIN) 146767
651 #4 - PUNTO DE ACCESO ADICIONAL DE MATERIA--NOMBRE GEOGRÁFICO
Nombre geográfico Navarra (Reino)-
Subdivisión general Historia-
Subdivisión cronológica 1425-1479, Casa de Aragón.
9 (RLIN) 157239
852 ## - LOCALIZACIÓN
Ubicación ES-MaACL
Número de control de estantería D-2296
856 ## - LOCALIZACIÓN Y ACCESO ELECTRÓNICOS
Identificador Uniforme de Recursos <a href="http://bdh-rd.bne.es/viewer.vm?id=0000057693&page=1 ">http://bdh-rd.bne.es/viewer.vm?id=0000057693&page=1 </a>
Nota pública Biblioteca Digital Hispánica
Holdings
Estatus retirado Estado de pérdida Estado de daño No para préstamo Colección Biblioteca de origen Biblioteca actual Ubicación en estantería Fecha de adquisición Fuente de adquisición Total de préstamos Signatura topográfica completa Código de barras Visto por última vez Precio de reemplazo Tipo de ítem Koha
        Colección digital Biblioteca del Ateneo de Madrid Biblioteca del Ateneo de Madrid Sala Valle Inclán 17/01/2008     D-2296 901051119 23/02/2023 23/02/2023 Libro impreso antiguo